[Event "8. Copenhagen Open Politiken Cup"]
[Site "Copenhagen"]
[Date "1986.??.??"]
[Round "10"]
[White "Kojder, Konrad"]
[Black "Wiedenkeller, Michael"]
[Result "0-1"]
[WhiteElo "2340"]
[BlackElo "2455"]
[PlyCount "130"]
[EventDate "1986.??.??"]
[EventType "swiss"]
[EventRounds "10"]
[EventCountry "DEN"]
[SourceDate "2004.01.01"]

1. d4 f5 2. Bg5 g6 3. Nc3 d5 4. e3 Bg7 5. Qf3 c6 6. Bd3 Nf6 7. h4 Ne4 8. Bxe4
dxe4 9. Qg3 Be6 10. Bf4 Nd7 11. h5 Bf7 12. hxg6 hxg6 13. Rxh8+ Bxh8 14. f3 exf3
15. Nxf3 Qa5 16. Bc7 Nb6 17. a3 Kd7 18. O-O-O Rg8 19. e4 Bg7 20. Kb1 fxe4 21.
Ne5+ Bxe5 22. dxe5+ Bd5 23. e6+ Kc8 24. Bxb6 axb6 25. Nxd5 cxd5 26. Qg5 Rd8 27.
Qxe7 d4 28. Qb4 Qxb4 29. axb4 Rd6 30. e7 Kd7 31. Re1 Re6 32. Rd1 Kxe7 33. Rxd4
e3 34. Rd1 Kf6 35. Kc1 Kf5 36. Rg1 Rd6 37. Rd1 Re6 38. Rg1 Ke4 39. Kd1 Rd6+ 40.
Ke1 Rd2 41. Rh1 Rxc2 42. Rh8 Rxg2 43. Re8+ Kd3 44. Rd8+ Kc4 45. Re8 Rxb2 46.
Rxe3 Kxb4 47. Rg3 Rc2 48. Rxg6 b5 49. Kd1 Kb3 50. Rb6 b4 51. Rxb7 Rc4 52. Kd2
Kb2 53. Kd3 Rc3+ 54. Kd2 b3 55. Rh7 Rc8 56. Kd3 Ka2 57. Ra7+ Kb1 58. Kd2 b2 59.
Ra5 Rc6 60. Kd1 Rd6+ 61. Ke2 Kc2 62. Rc5+ Kb3 63. Rb5+ Kc3 64. Rc5+ Kb4 65. Rc8
Rd5 0-1

[Event "8. Copenhagen Open Politiken Cup"]
[Site "Copenhagen"]
[Date "1986.??.??"]
[Round "10"]
[White "Ochsner, Thomas"]
[Black "Berg, Klaus"]
[Result "1/2-1/2"]
[WhiteElo "2275"]
[BlackElo "2375"]
[PlyCount "85"]
[EventDate "1986.??.??"]
[EventType "swiss"]
[EventRounds "10"]
[EventCountry "DEN"]
[SourceDate "2004.01.01"]

1. e4 c6 2. c4 d5 3. cxd5 cxd5 4. exd5 Nf6 5. Bb5+ Nbd7 6. Nc3 a6 7. Qa4 Rb8 8.
Bxd7+ Bxd7 9. Qf4 b5 10. Nf3 b4 11. Ne4 Nxd5 12. Qe5 e6 13. O-O f6 14. Qg3 Qc7
15. Qxc7 Nxc7 16. d4 Bc6 17. Re1 Bxe4 18. Rxe4 Kd7 19. Bf4 Bd6 20. Bxd6 Kxd6
21. Rae1 Rhd8 22. Nd2 Ke7 23. Nb3 Rb5 24. Rc1 Nd5 25. Rc6 Rd6 26. Rc8 Rb7 27.
Rh8 h6 28. Rg4 Kf7 29. Rh7 Kg8 30. Rxh6 Rc7 31. h4 Rc2 32. Rhg6 Rd7 33. Nc5 Re7
34. Nd3 Rd2 35. Rg3 Kh7 36. h5 Rd1+ 37. Kh2 Ra1 38. Nc5 Nf4 39. R6g4 e5 40.
dxe5 Rxe5 41. Rxf4 Rxc5 42. Rxb4 Rxh5+ 43. Rh3 1/2-1/2

[Event "8. Copenhagen Open Politiken Cup"]
[Site "Copenhagen"]
[Date "1986.??.??"]
[Round "10"]
[White "Pigusov, Evgeny"]
[Black "Murey, Jacob"]
[Result "1-0"]
[WhiteElo "2495"]
[BlackElo "2460"]
[PlyCount "73"]
[EventDate "1986.??.??"]
[EventType "swiss"]
[EventRounds "10"]
[EventCountry "DEN"]
[SourceDate "2004.01.01"]

1. Nf3 g6 2. d4 Bg7 3. c4 Nf6 4. g3 O-O 5. Bg2 d6 6. O-O Nc6 7. Nc3 Bf5 8. d5
Na5 9. Nd4 Bd7 10. b3 c5 11. dxc6 bxc6 12. Bb2 Rb8 13. Rb1 Qc8 14. Re1 Bh3 15.
Bh1 d5 16. cxd5 cxd5 17. Rc1 Qa6 18. Qd3 Qd6 19. Na4 e5 20. Nb5 Qd7 21. Nc7 Nc4
22. Nxd5 Nxb2 23. Nxf6+ Bxf6 24. Qxd7 Bxd7 25. Nxb2 Rfc8 26. Bd5 Kf8 27. Nc4
Rc5 28. Red1 Bb5 29. Bxf7 Bc6 30. Be6 Ke7 31. Bh3 Rbb5 32. e3 a5 33. Na3 Rxc1
34. Rxc1 Rb6 35. Nc4 Ra6 36. Bc8 Ra8 37. Nb6 1-0

[Event "8. Copenhagen Open Politiken Cup"]
[Site "Copenhagen"]
[Date "1986.??.??"]
[Round "10"]
[White "Rodgaard, John"]
[Black "Fette, Martin"]
[Result "1-0"]
[WhiteElo "2350"]
[BlackElo "2320"]
[PlyCount "115"]
[EventDate "1986.??.??"]
[EventType "swiss"]
[EventRounds "10"]
[EventCountry "DEN"]
[SourceDate "2004.01.01"]

1. Nf3 Nf6 2. d4 g6 3. Bf4 Bg7 4. e3 O-O 5. Be2 c5 6. c3 b6 7. O-O Bb7 8. h3 d6
9. Bd3 Nbd7 10. Re1 e5 11. dxe5 dxe5 12. Bxe5 Bxf3 13. Bxf6 Bxd1 14. Bxd8 Raxd8
15. Rxd1 Ne5 16. Be2 Rxd1+ 17. Bxd1 Nd3 18. Be2 Nxb2 19. a4 c4 20. Ra2 Nd3 21.
Rc2 Rc8 22. Kf1 Nc5 23. Ra2 Ne4 24. f3 Ng3+ 25. Kf2 Nxe2 26. Kxe2 Rc5 27. Rb2
Bf8 28. Rb5 Rc6 29. Rd5 f5 30. g4 fxg4 31. hxg4 a6 32. Nd2 Kf7 33. Rd7+ Kg8 34.
g5 Bg7 35. Ne4 Re6 36. Ra7 b5 37. axb5 axb5 38. Rb7 Re5 39. Kf2 Rd5 40. f4 Kf8
41. Kf3 Kg8 42. Rb6 Kf8 43. Ke2 Kg8 44. Kf2 Kf8 45. Kf3 Kg8 46. Nf6+ Bxf6 47.
gxf6 Rd3 48. Ke2 Rxc3 49. e4 Rd3 50. Rxb5 Rd6 51. e5 Rc6 52. Rb8+ Kf7 53. Rb7+
Kg8 54. Rg7+ Kh8 55. Kd2 c3+ 56. Kc2 Rc4 57. Rd7 Kg8 58. e6 1-0

[Event "8. Copenhagen Open Politiken Cup"]
[Site "Copenhagen"]
[Date "1986.??.??"]
[Round "10"]
[White "Sinkovics, Peter"]
[Black "Hartung Nielsen, Jens"]
[Result "1/2-1/2"]
[WhiteElo "2415"]
[BlackElo "2290"]
[PlyCount "48"]
[EventDate "1986.??.??"]
[EventType "swiss"]
[EventRounds "10"]
[EventCountry "DEN"]
[SourceDate "2004.01.01"]

1. d4 d5 2. c4 e6 3. Nf3 c5 4. cxd5 exd5 5. g3 Nc6 6. Nc3 c4 7. Bg2 Bb4 8. O-O
Nge7 9. Bd2 O-O 10. b3 cxb3 11. Qxb3 Ba5 12. e3 b6 13. Rfc1 Be6 14. Ng5 Rc8 15.
Be1 Nf5 16. Nxe6 fxe6 17. Nxd5 Bxe1 18. Nf4 Ncxd4 19. exd4 Nxd4 20. Qd3 Rxc1
21. Rxc1 Bd2 22. Rd1 Bxf4 23. Qxd4 Qxd4 24. Rxd4 Bg5 1/2-1/2

[Event "8. Copenhagen Open Politiken Cup"]
[Site "Copenhagen"]
[Date "1986.??.??"]
[Round "10"]
[White "Stigar, Petter"]
[Black "Ostenstad, Berge"]
[Result "0-1"]
[WhiteElo "2300"]
[BlackElo "2370"]
[PlyCount "80"]
[EventDate "1986.??.??"]
[EventType "swiss"]
[EventRounds "10"]
[EventCountry "DEN"]
[SourceDate "2004.01.01"]

1. d4 d5 2. Nf3 Nf6 3. c4 e6 4. Bg5 Be7 5. e3 O-O 6. Nc3 Nbd7 7. Bd3 b6 8. cxd5
exd5 9. O-O Bb7 10. Rc1 c5 11. Bb1 c4 12. Ne5 a6 13. f3 b5 14. a3 Qc7 15. Qc2
g6 16. Nxd7 Qxd7 17. Rcd1 Rfe8 18. Qf2 Ng4 19. fxg4 Bxg5 20. Rde1 Rf8 21. Qf3
Rae8 22. g3 a5 23. h4 Bd8 24. Bc2 Bc6 25. Ne2 b4 26. axb4 axb4 27. Nf4 b3 28.
Bb1 Ba5 29. Re2 Rd8 30. Nh5 f5 31. gxf5 gxh5 32. Qxh5 Rf6 33. g4 Qf7 34. Qg5+
Kh8 35. Qf4 Bc7 36. Qf3 Rh6 37. g5 Rxh4 38. Rg2 Rg8 39. g6 Qf6 40. Qf2 Bd7 0-1

[Event "8. Copenhagen Open Politiken Cup"]
[Site "Copenhagen"]
[Date "1986.??.??"]
[Round "10"]
[White "Varasdy, Imre"]
[Black "Stein, Bernd"]
[Result "1/2-1/2"]
[WhiteElo "2350"]
[BlackElo "2405"]
[PlyCount "48"]
[EventDate "1986.??.??"]
[EventType "swiss"]
[EventRounds "10"]
[EventCountry "DEN"]
[SourceDate "2004.01.01"]

1. d4 Nf6 2. Nf3 d6 3. Nc3 Nbd7 4. e4 e5 5. Bg5 c6 6. Bc4 b5 7. Bb3 h6 8. dxe5
hxg5 9. exf6 Qxf6 10. Qd2 Be7 11. O-O-O a5 12. e5 dxe5 13. Ne4 Qg6 14. Nfxg5
O-O 15. h4 a4 16. Bxf7+ Rxf7 17. h5 Qh6 18. Nxf7 Kxf7 19. Nd6+ Ke6 20. f4 Qxf4
21. Qxf4 exf4 22. Ne8 Kf7 23. Nd6+ Ke6 24. Ne8 Kf7 1/2-1/2